The Wall Street professional's survival guide : (Record no. 124776)

MARC details
000 -LEADER
campo de control de longitud fija 02801cam a2200445 a 4500
001 - NÚMERO DE CONTROL
campo de control 16060792
003 - IDENTIFICADOR DE NÚMERO DE CONTROL
campo de control BJBSDDR
005 - FECHA Y HORA DE LA ÚLTIMA TRANSACCIÓN
campo de control 20250820145925.0
007 - CAMPO FIJO DE DESCRIPCIÓN FÍSICA--INFORMACIÓN GENERAL
campo de control de longitud fija ta
008 - DATOS DE LONGITUD FIJA--INFORMACIÓN GENERAL
campo de control de longitud fija 100120s2010 nju 001 0 eng
010 ## - NÚMERO DE CONTROL DE LA BIBLIOTECA DEL CONGRESO
Número de control de LC 2009053246
020 ## - NÚMERO INTERNACIONAL ESTÁNDAR DEL LIBRO
Número Internacional Estándar del Libro 9780137052646 (hbk. : alk. paper)
020 ## - NÚMERO INTERNACIONAL ESTÁNDAR DEL LIBRO
Número Internacional Estándar del Libro 0137052642 (hbk. : alk. paper)
035 ## - NÚMERO DE CONTROL DEL SISTEMA
Número de control de sistema 16060792
035 ## - NÚMERO DE CONTROL DEL SISTEMA
Número de control de sistema (OCoLC)496950386
040 ## - FUENTE DE CATALOGACIÓN
Centro catalogador/agencia de origen DLC
Centro/agencia transcriptor DLC
Centro/agencia modificador YDX
-- BTCTA
-- YDXCP
-- ZPX
-- DLC
Lengua de catalogación eng
041 ## - CÓDIGO DE IDIOMA
Código de lengua del texto/banda sonora o título independiente eng
050 14 - SIGNATURA TOPOGRÁFICA DE LA BIBLIOTECA DEL CONGRESO
Número de clasificación HG 4621
Número de ítem C678w 2010
082 00 - NÚMERO DE LA CLASIFICACIÓN DECIMAL DEWEY
Número de clasificación 332.6023
100 1# - ENTRADA PRINCIPAL--NOMBRE DE PERSONA
Nombre de persona Cohen, Roy,
Fechas asociadas al nombre 1955-
9 (RLIN) 44287
245 14 - MENCIÓN DEL TÍTULO
Título The Wall Street professional's survival guide :
Resto del título success secrets of a career coach /
Mención de responsabilidad, etc. Roy Cohen.
260 ## - PUBLICACIÓN, DISTRIBUCIÓN, ETC.
Lugar de publicación, distribución, etc. Upper Saddle River, N.J. :
Nombre del editor, distribuidor, etc. FT Press,
Fecha de publicación, distribución, etc. 2010.
300 ## - DESCRIPCIÓN FÍSICA
Extensión xv, 261 pages ;
Dimensiones 24 cm.
336 ## - TIPO DE CONTENIDO
Término de tipo de contenido text
Código de tipo de contenido txt
Fuente rdacontent
337 ## - TIPO DE MEDIO
Nombre/término del tipo de medio unmediated
Código del tipo de medio n
Fuente rdamedia
338 ## - TIPO DE SOPORTE
Nombre/término del tipo de soporte volume
Código del tipo de soporte nc
Fuente rdacarrier
500 ## - NOTA GENERAL
Nota general Includes index.
505 0# - NOTA DE CONTENIDO CON FORMATO
Nota de contenido con formato The Wall Street job search: winning in any market -- You've been fired, now what? -- Self assessment: the secret weapon of job search -- Stick the landing: how to move successfully from the sell-side to the buy-side -- The art of the bear market resume -- Networking: just do it, please -- In the arena: mastering the interview -- Write on: effective career correspondence -- Win-win negotiating in job search -- References, skeletons, and you.
520 ## - RESUMEN, ETC.
Sumario, etc. The Wall Street Professional's Survival Guide: The Secrets of a Career Coach is the only complete, up-to-date, and practical guide for financial industry professionals seeking new or better jobs in today's brutally competitive environment. Author Roy Cohen spent more than 10 years providing outplacement services to Goldman Sachs' employees. In this book, he shares finance-specific job-hunting insights you simply won't find anywhere else. Drawing on his immense experience helping financial industry professionals find and keep outstanding positions, Cohen tells you what to do when and if you're fired (or ready to move), how to develop a "game plan" and search targets, how to build your "story", how to move from the sell-side to the buy side, and much more. You'll find industry-specific guidance on interview strategy, resumes, follow-up, references, and even negotiation with real examples drawn from Cohen's own practice
650 #0 - PUNTO DE ACCESO ADICIONAL DE MATERIA--TÉRMINO DE MATERIA
Término de materia o nombre geográfico como elemento de entrada Investment advisors.
650 #4 - PUNTO DE ACCESO ADICIONAL DE MATERIA--TÉRMINO DE MATERIA
Término de materia o nombre geográfico como elemento de entrada Asesores de inversiones
9 (RLIN) 4226
650 #0 - PUNTO DE ACCESO ADICIONAL DE MATERIA--TÉRMINO DE MATERIA
Término de materia o nombre geográfico como elemento de entrada Finance
Subdivisión general Vocational guidance.
650 #4 - PUNTO DE ACCESO ADICIONAL DE MATERIA--TÉRMINO DE MATERIA
Término de materia o nombre geográfico como elemento de entrada Finanzas
9 (RLIN) 1651
650 #0 - PUNTO DE ACCESO ADICIONAL DE MATERIA--TÉRMINO DE MATERIA
Término de materia o nombre geográfico como elemento de entrada Job hunting.
650 #4 - PUNTO DE ACCESO ADICIONAL DE MATERIA--TÉRMINO DE MATERIA
Término de materia o nombre geográfico como elemento de entrada Búsqueda de empleo
9 (RLIN) 44462
906 ## - ELEMENTOS DE DATOS F LOCAL, LDF (RLIN)
a 7
b cbc
c orignew
d 1
e ecip
f 20
g y-gencatlg
942 ## - ELEMENTOS DE ENTRADA SECUNDARIOS (KOHA)
Fuente del sistema de clasificación o colocación Clasificación de Library of Congress
Tipo de ítem Koha Libro
Holdings
Estatus retirado Estado de pérdida Fuente del sistema de clasificación o colocación Estado de daño No para préstamo Colección Biblioteca de origen Biblioteca actual Ubicación en estantería Fecha de adquisición Signatura topográfica completa Código de barras Visto por última vez Copia número Tipo de ítem Koha
    Clasificación de Library of Congress     Ciencias Sociales Biblioteca Juan Bosch Biblioteca Juan Bosch Ciencias Sociales (3er. Piso) 15/08/2025 HG 4621 C678w 2010 00000194987 15/08/2025 1 Libro